Liverpool Squad 25/26 - Statistics

General Stats
  • This quiz has been taken 201 times
    160 since last reset
  • The average score is 21 of 25
Answer Stats
# Nation Former Club Answer % Correct
9 Sweden Newcastle Alexander Isak
100%
1 Brazil AS Roma Alisson
100%
11 Egypt AS Roma Mohamed Salah
100%
7 Germany Leverkusen Florian Wirtz
99%
4 Netherlands Southampton Virgil van Dijk
99%
8 Hungary RB Leipzig Dominik Szoboszlai
98%
5 France RB Leipzig Ibrahima Konate
96%
10 Argentina Brighton Alexis Mac Allister
95%
3 Japan Stuttgart Wataru Endo
94%
26 Scotland Hull City Andy Robertson
93%
6 Hungary Bournemouth Milos Kerkez
93%
22 France Frankfurt Hugo Ekitike
92%
14 Italy Juventus Federico Chiesa
91%
18 Netherlands PSV Cody Gakpo
90%
30 Netherlands Leverkusen Jeremie Frimpong
88%
12 Northern Ireland Youth Conor Bradley
87%
38 Netherlands Bayern Ryan Gravenberch
86%
20 Portugal Wolves Diogo Jota
83%
2 England Charlton Athletic Joe Gomez
83%
17 England Youth Curtis Jones
79%
25 Georgia Valencia Giorgi Mamardashvili
78%
15 Italy Parma Giovanni Leoni
66%
73 England Youth Rio Ngumoha
48%
28 England Preston Freddie Woodman
43%
41 Hungary Puskas Akademia Armin Pecsi
34%
No matching quizzes found
Score Distribution
Percent of People with Each Score
Percentile by Number Answered
Your Score History
You have not taken this quiz since the last reset